| 000 | 02131cam a22004574i 4500 | ||
|---|---|---|---|
| 003 | PE-LiUPU | ||
| 005 | 20250731172910.0 | ||
| 008 | 150617s r 000 0 d | ||
| 020 | _a0802475000 | ||
| 035 | _a(Sirsi) i9780802475008 | ||
| 040 |
_aPE-LiUPU _bspa _cPE-LiUPU _erda |
||
| 049 | _aPRUA | ||
| 082 | 0 | 4 |
_a242.2 _bL75 _221 |
| 100 | 1 |
_aLockerbie, Jeanette, _eautor. |
|
| 245 | 1 | 0 |
_aSalt in my kitchen / _cJeanette Lockerbie. |
| 264 | 1 |
_aChicago : _bMoody Press, _c1967. |
|
| 300 |
_a128 páginas ; _c15 centímetros |
||
| 336 |
_atext _2rdacontent |
||
| 337 |
_aunmediated _2rdamedia |
||
| 338 |
_avolume _2rdacarrier |
||
| 505 | 0 | _aSalt in my kitchen. -Shiny-eyed bride. -Better than a tranquilizer. -The early bird, -The maker of all. -Against a rainy day. -Sand, stars and promises. -Step right up!. -Shut the door. -When God is slow. -No inferiority complex. -Spock style. -Stoop Labor. -Love thyself. -The woman God calls great. -The trial of your faith. -The rigth to be angry. -The twenty-four-hour virus. -Healthy fear. -Heart line to heaven. -A partner with god. -All the forms of love. -Sunday dinner. -Not another brand!. -No fair-weather friend. -Faith plants a promise. -Something to do. -Pattern alteration. -Can you classify yourself?. -Where do sins go?. -Little pitchers. -Fair evaluation. -God's ceramics. -My mother's prayer. -The burned toast. -A great calm. -Instant bread. | |
| 526 | _aSEG42 | ||
| 526 | _aSEG41 | ||
| 526 | _aSEG40 | ||
| 526 | _aSEG39 | ||
| 526 | _aP94 | ||
| 526 | _aP87 | ||
| 526 | _aP86 | ||
| 526 | _aP85 | ||
| 526 | _aP77 | ||
| 526 | _aP76 | ||
| 526 | _aP35 | ||
| 650 | 0 | 4 | _aLecturas devocionales. |
| 910 |
_ajck _bjvq _cjck _d20150616 |
||
| 942 |
_2ddc _cBOOK |
||
| 949 |
_a242.2 L75 _wDEWEY _c1 _i41727 _lCCODEBUL1 _mBUL _r0 _sY _tBOOK _u2015-6-17 _xTEOLOGIA _PP35 _0COMPRA _o.STAFF. Colección General |
||
| 994 |
_aC0 _bPEPRU |
||
| 596 | _a1 | ||
| 999 |
_a242.2 L75 _wDEWEY _c16347 _i41727 _f2021-11-11 _g5 _lCCODEBUL1 _mBUL _r0 _sY _tBOOK _u2015-6-17 _xTEOLOGIA _PP35 _0COMPRA _o.STAFF. Colección General _d16347 |
||
| 980 |
_81 _gALBERTO SANCHEZ Responsable de Automatización |
||